000 00191nam a2200085Ia 4500
008 170617s9999 xx 000 0 und d
100 _aPine-Stanly H.
245 0 _aOrganic Chemistry
260 _bTMH Delhi
260 _c2011
999 _c15817
_d15817